| 000 | 01006 a2200313 4500 | ||
|---|---|---|---|
| 001 | 3662705 | ||
| 003 | 00000 | ||
| 005 | 20260415111545.0 | ||
| 008 | 701013s1969 enk 000 0beng | ||
| 010 | _a 76494990 | ||
| 015 | _aB*** | ||
| 035 | _a3662705 | ||
| 040 |
_aDLC _cDLC _dDLC _erda |
||
| 050 | 0 | 0 | _aDA 355 .H4 |
| 082 | 0 | 0 |
_a942.05/5/0924 _aB |
| 100 | 1 | _aHearsey, John E. N. | |
| 245 | 1 | 0 |
_aQueen Elizabeth of England, _cby John E. N. Hearsey. |
| 264 |
_a[London] _bHeron Books _c[1969] |
||
| 300 |
_a335 p. _billus. (part col.), facsims., geneal. chart, maps, ports. (part col.) _c21 cm. |
||
| 336 |
_atext _btxt _2rdacontent |
||
| 337 |
_aunmediated _bn _2rdamedia |
||
| 338 |
_avolume _bnc _2rdacarrier |
||
| 490 | 0 | _aWomen who made history | |
| 600 | 0 | 0 |
_aElizabeth _bI, _cQueen of England, _d1533-1603. |
| 650 | 0 |
_aQueens _zGreat Britain _xBiography. |
|
| 906 |
_a7 _bcbc _corignew _d4 _encip _f19 _gy-gencatlg |
||
| 942 |
_2lcc _cBK |
||
| 999 |
_c44302 _d44302 |
||